000 01037nam a2200229Ii 4500
003 JO-AjNU
008 230605s9999||||xx |||||||||||||| ||und||
017 _a2011/7/2580
040 _aJO-AjNU
_bara
_erda
_cJO-AjNU
041 _aara
050 1 4 _aTH420.J67.2012
100 3 _aإعداد جمال قطيشات وآخرون,
_eauthor
_951705
245 0 0 _aمجلس البناء الوطني الأردني، وزارة الأشغال العامة والإسكان: كودة تقييم الأثر البيئي لمشاريع الطرق
250 _aط1
264 3 1 _aعمان: الجمعية العلمية الملكية،مجلس البناء الوطني الأردني، 2012
300 _aمتعدد الترقيم
336 _atext
_btxt
_2rdacontent
337 _aunmediated
_bn
_2rdamedia
338 _avolume
_bnc
_2rdacarrier
490 0 _aكودات البناء الوطني الأردني 
650 4 _aالمباني -- مواصفات معيارية -- الأردن -- الطرق -- حماية البيئة
_951706
999 _aA22859
_c26427
_d26427